Erbil International Airport Destinations (Erbil, Iraq) - Statistics

General Stats
  • This quiz has been taken 57 times
    23 since last reset
  • The average score is 24 of 34
Answer Stats
Airline Destination % Correct
Iraqi Airways/Royal Jordanian Amman (Queen Alia)
100%
Fly Baghdad/Iraqi Airways Baghdad
100%
flydubai/FlyErbil/Iraqi Airways Dubai (International)
100%
FlyErbil/Iraqi Airways/Turkish Airlines Istanbul
100%
AJet/Pegasus Airlines Istanbul (Sabiha Gökçen)
100%
Iraqi Airways Ankara
92%
Aegean Airlines Athens
92%
FlyErbil/Middle East Airlines Beirut
92%
Egyptair/Iraqi Airways Cairo
92%
Qatar Airways Doha
92%
Mahan Air Tehran (Iman Khomeini)
92%
Wizz Air Abu Dhabi
85%
Fly Baghdad/Fly Cham/FlyErbil Damascus
85%
FlyErbil/Iraqi Airways Frankfurt
85%
Austrian Airlines Vienna
85%
SunExpress Antalya
77%
Iraqi Airways Basra
77%
FlyErbil London (Gatwick)
77%
Eurowings/FlyErbil/Iraqi Airways Berlin
69%
FlyErbil/Iraqi Airways Munich
69%
Air Arabia Sharjah
69%
FlyErbil/Iraqi Airways Baku
62%
Eurowings Hamburg
62%
Eurowings/FlyErbil Cologne/Bonn
54%
Eurowings/FlyErbil/Iraqi Airways Düsseldorf
54%
Fly Baghdad Aleppo
46%
Eurowings/FlyErbil Hannover
46%
Eurowings/FlyErbil Stuttgart
46%
FlyErbil Amsterdam
38%
FlyErbil/Iraqi Airways Copenhagen
38%
Fly Baghdad Medina
38%
Iraqi Airways Najaf
31%
Iraqi Airways Sulaymaniyah
15%
FlyErbil Latakia
0%
No matching quizzes found
Score Distribution
Percent of People with Each Score
Percentile by Number Answered
Your Score History
You have not taken this quiz since the last reset